000 00711nam a2200241 a 4500
001 12025
003 BD-RjUL
005 20211208235225.0
008 140127s1971 enkacfh b 001 0 eng d
020 _a0198581300
035 _a(BD-RjUL)12074
040 _aUkOxU
_beng
_cUkOxU
_dBD-RjUL
041 _aeng
082 0 0 _a540.922
_bHAS 1971
100 1 _aHartley, Harold,
_d1878-1972.
_937267
245 1 0 _aStudies in the history of chemistry /
_cby Sir Harold Hartley.
260 _aOxford :
_bClarendon Press,
_c1971.
300 _axi, 243 p. :
_bill. ;
_c23 cm.
504 _aIncludes bibliographical references and index.
650 0 _aChemistry
_xHistory.
_929889
942 _2ddc
_cBK
999 _c12025
_d12025